00863cam a22002891 450000100060000000300080000600500170001400800410003103500230007203500190009503500170011404000330013104100080016408200280017210000320020024500750023226000480030730000290035550400310038450500140041565000150042965000130044465100370045765100410049465100100053571000280054552031BD-RjUL20211209075738.0160905s1968 nyuab b 000 0 eng  a(OCoLC)ocm02579841 a(BD-RjUL)52151 a(NNC)4603634 aDLCcDLCdOCLdWSUdWCWbeng aeng 223 a330.954bMYA 1968 1 aMyrdal, Gunnar,d1898-1987.10aAsian drama; an inquiry into the poverty of nations / cGunnar Myrdal  aNew York : bTwentieth Century Fund,c1968. a3 v. : bill. ; c25 cm. aBibliographical footnotes.0 avol 3 --  2aEconomics. 2aPoverty. 0aSouth AsiaxEconomic conditions. 0aSoutheast AsiaxEconomic conditions. 2aAsia.2 aTwentieth Century Fund.